Priamky a singulárne body na algebrických plochách 4. stupňa

Enregistré dans:
Détails bibliographiques
Auteur principal: Tereňová, Zuzana, 1976- (Auteur)
Format: Livre
Langue:slovaque
Publié: Bratislava : STU v Bratislave SvF, 2010
Édition:1. vyd.
Collection:Edícia vedeckých prác zošit č. 83
Tags: Ajouter un tag
Pas de tags, Soyez le premier à ajouter un tag!

MARC

LEADER 00000nam a22000003a 4500
001 stu205967
005 20220317185651.7
008 100630s2010----xo------------------slo-d
020 |a 978-80-227-3277-2 
040 |a STU  |b slo 
041 0 |a slo 
044 |a xo 
080 |a 512  |7 stu_us_auth*stu7982 
100 1 |a Tereňová, Zuzana,  |d 1976-  |4 aut  |u V220  |9 100  |U SvF Stavebná fakulta  |T SvF Katedra matematiky a deskriptívnej geometrie  |X 3541  |U V220  |Y 23  |7 A000003541 
245 1 |a Priamky a singulárne body na algebrických plochách 4. stupňa 
250 |a 1. vyd. 
260 |a Bratislava :  |b STU v Bratislave SvF,  |c 2010 
300 |a 101 s. 
830 0 |a Edícia vedeckých prác  |v zošit č. 83 
996 |b 284V033841  |c V*2734/DP-922d  |l VVS  |s P  |a 0  |w stu205967_0001 
996 |b 284V033840  |c V*2733/DP-922c  |l VVS  |s P  |a 0  |w stu205967_0002 
996 |b 284V033839  |c V*2732/DP-922b  |l VVS  |s P  |a 0  |w stu205967_0003 
996 |b 284V033838  |c V*2731/DP-922a  |l VVS  |s P  |a 0  |w stu205967_0004 
996 |b 284V033837  |c V*2730/DP-922  |l VVS  |s P  |a 0  |w stu205967_0005